K některým předpokladům efektivního provádění auditorské činnosti.

Rastúci význam audítorských služieb. Rozbor finančného hospodárenia ako dôležitý zdroj informácií audítora. Nevyhnutnosť spolupráce zamestnancov podniku s audítorom a príčiny malého záujmu zamestnancov na tejto spolupráci.

Enregistré dans:
Détails bibliographiques
Auteur principal: Schiffer, V.
Format: Chapitre de livre
Langue:tchèque
Sujets:
Tags: Ajouter un tag
Pas de tags, Soyez le premier à ajouter un tag!

MARC

LEADER 00000naa a2200000 4500
001 r007655
005 20220831085412.7
041 0 |a cze 
044 |a [CS] 
245 1 0 |a K některým předpokladům efektivního provádění auditorské činnosti.  |c V. Schiffer 
520 |a Rastúci význam audítorských služieb. Rozbor finančného hospodárenia ako dôležitý zdroj informácií audítora. Nevyhnutnosť spolupráce zamestnancov podniku s audítorom a príčiny malého záujmu zamestnancov na tejto spolupráci. 
610 2 0 |a audítorstvo 
610 2 0 |a hospodárenie finančné 
610 2 0 |a rozbory činnosti hospodárskej 
610 2 0 |a zamestnanci 
100 1 |a Schiffer, V.